000 00452cam a2200169ua 4500
041 _aeng
_h
082 _a028.702
_bPHU/CA
100 _aPhull, D.S .
245 _aCareer`s general knowledge digest- including objective tests /
_cD.S.Phull.
_hTextual Documents
250 _a26 /
_b.
260 _aNew Delhi :
_bBright career institute ,
_c1997.
300 _a48 ; .
500 _a** Reference
504 _a
942 _cBK
999 _c7024
_d7024